| 000 | 01002nam a2200241Ia 4500 | ||
|---|---|---|---|
| 003 | Ost | ||
| 005 | 20260507075412.0 | ||
| 008 | 260507s9999||||xx |||||||||||||| ||und|| | ||
| 020 | _a6509374512 | ||
| 040 | _cfsecg | ||
| 041 | _aara | ||
| 082 | _a200 | ||
| 100 |
_aجعفر، عبد القادر _eمؤلف |
||
| 245 | 0 |
_aنظام التأمين الإسلامي : _bمحاولة لإبراز نظام الإسلام المتكامل / _c عبد القادر جعفر |
|
| 260 |
_aبيروت: _bدار الكتب العلمية, _c2006 |
||
| 300 |
_a439 صفحة؛ _bإيضاحات ؛ _c25 سم |
||
| 504 | _aالمراجع ص.417 | ||
| 520 | _aيضم شريعة الإسلام والأوضاع المعاصرة، نظام التأمين الإسلامي، التأمين الوضعي | ||
| 653 | _aالإسلام والتأمين، التأمين | ||
| 653 | _aالإقتصاد الإسلامي | ||
| 700 |
_aشواط، الحسين بن محمد _eمؤلف ثانوي |
||
| 942 | _cكتاب | ||
| 999 |
_c44424 _d44424 |
||